Family and the state of theory

Αποθηκεύτηκε σε:
Λεπτομέρειες βιβλιογραφικής εγγραφής
Κύριος συγγραφέας: Cheal, David J.
Μορφή: Βιβλίο
Γλώσσα:English
Δημοσίευση: Toronto : University of Toronto Press, c1991.
Θέματα:
Ετικέτες: Προσθήκη ετικέτας
Δεν υπάρχουν, Καταχωρήστε ετικέτα πρώτοι!

MARC

LEADER 00000cam a2200000 i 4500
001 1/93661
008 991123s1991 cn | ||| |||| ||eng||
020 |a 0745010040 
035 |l 10054490 
040 |a GR-MY-UA  |b gre  |e aacr 
041 0 |a eng 
082 0 |a 306.8501  
100 1 |a Cheal, David J. 
245 1 0 |a Family and the state of theory /   |c David Cheal.  
260 |a Toronto :   |b University of Toronto Press,   |c c1991.  
300 |a 213 σ. ;   |c 21 εκ.  
504 |a Βιβλιογραφία : σ. 147-196. Ευρετήριο.  
650 0 0 |a Families  |x Research. 
650 0 0 |a Families. 
852 |a INST  |b LESVOS  |e 19991123  |h 306.8501 CHE  |p 005100022081  |q 005100022081  |t BK  |y 0 
852 |a INST  |b LESVOS  |e 20231010  |h 306.8501 CHE  |p 005100065180  |q 005100065180  |t BK  |y 0 
901 |a BIBL1-2000-1 
922 |a 1ΕΛΗ  |b 199907  |c ΚΠΣ/ΤΚ  |d ΠΑΠΑΣΩΤΗΡΙΟΥ 
950 |a 103-1998-07-27 
970 |a ΤΖΑΦΕΡΗ  |b ΕΥΑΓΓΕΛΙΑ  |z 2000/01/25